000 00823nam a22001935i 4500
001 153662
003 ES-MaACL
005 20230906205329.0
008 041115s1864 fr |||| | fre d
040 _aCAM
_bspa
_cCAM
100 1 _aEnnery, Adolphe d'.
_947251
245 1 1 _a[Aïeule
_b: drame en cinq actes et en 3 tableaux /
_cpar MM. Ad. d'Ennery et Charles Edmond Chojecki].
260 _aParis :
_bMichel Lévy,
_c1864 (
_fImprimerie de L. Toinon et C.)
300 _a111 p. ;
_c19 cm.
500 _aReprésenté pour la première fois à Paris, sur la scène de l'Ambigu-comique, le 17 octobre 1863.
500 _aEjemp. falto de port., datos tomados de la BN Opale-plus.
700 1 1 _aChojecki, Charles-Edmond.
_9126487
852 _aES-MaACL
_jF-8809(2)
_z-- Enc. hol.
_q-- Falto de port. y de la cub. original
999 _c153662
_d153662